El valle de Roncal
Saved in:
| Hovedforfatter: | |
|---|---|
| Format: | Bog |
| Sprog: | spansk |
| Udgivet: |
Madrid, España
Publicaciones Españolas
1974
|
| Udgivelse: | Tercera edición |
| Fag: | |
| Tags: |
Tilføj Tag
Ingen Tags, Vær først til at tagge denne postø!
|
MARC
| LEADER | 00000nam a2200000 a 4500 | ||
|---|---|---|---|
| 001 | UCO1312 | ||
| 003 | CL-VaPUC | ||
| 005 | 20210804001427.0 | ||
| 008 | 000512e19740000SP |||||||||||||||||spa|d | ||
| 999 | |c 287940 |d 287938 | ||
| 040 | |c Pontificia Universidad Católica de Valparaíso | ||
| 082 | 0 | 4 | |a 946.52 GAM 1974 |2 21 |
| 100 | |a Gambra Ciudad, Rafael |e author |9 597662 | ||
| 245 | 1 | 3 | |a El valle de Roncal |
| 250 | |a Tercera edición | ||
| 260 | |a Madrid, España |b Publicaciones Españolas |c 1974 | ||
| 300 | |a 71 páginas | ||
| 583 | |a last modification |c 20180403 04:26:33 |k Rodrigo Vera | ||
| 650 | 0 | |a Historia de España |z VALLE DE RONCAL |z NAVARRA |9 315435 | |
| 650 | 7 | |a HISTORIA DE NAVARRA |2 CL-VaPUC |9 443315 |z VALLE DE RONCAL | |
| 650 | 0 | |a Ciudades |z NAVARRA |z ESPAÑA |z PIRINEOS |9 265474 | |
| 852 | |a BIBCUR | ||
| 942 | |c BK |2 ddc | ||
| 945 | |d 20000512 00:00:00 |a rherrera | ||
| 952 | |0 0 |1 0 |2 ddc |4 0 |6 946_520000000000000_GAM_1974 |7 0 |8 A |9 335042 |a BIBHIS |b BIBHIS |d 2019-11-20 |i 1269003 |o 946.52 GAM 1974 |p 1269003 |r 2025-01-20 |t 1 |w 2019-11-20 |y BK |k HIS | ||